00683caa a22001572a 4500001000900000003001100009008004300020092001700063100001800080245007900098300001600177500013900193942000900332773016700341999001700508 005409 AR-FADEU 311216n########xxu####################dd a320.01bF981 aAron, Raymond aDel carácter oligárquico de los regímenes constitucional-pluralistas aPP. 101-110 aEn: Cuadernos de Ciencia Política /ed. Fundación de Cultura Universitaria. Montevideo : Fundación de Cultura Universitaria, 1989 cBDGR0 01121999967aFundación de Cultura Universitaria. Instituto de Ciencia políticabdMontevideoo12809tCuadernos de Ciencia Políticaw( AR-FADEU) 005397xz c11231d11231